000 00687nam a2200241Ia 4500
003 OSt
005 20221005050353.0
006 a|||||r|||| 00| 0
007 ta
008 221004b |||||||| |||| 00| 0 mal d
024 _a59336
037 _cTextual
040 _aCRL
_cCRL
_bmal
041 _2mal
_amal
082 _aX:81xN20w,1, 32M7.1-.2
100 _aNayar M.K.K.
_9594628
245 0 _aAarodum paribhavamillathe
_boru kalaghattathinte katha-2
260 _aKottayam
_bSahitya Pravarthaka India
_c1987
300 _a282p.
_ccm.
650 _aECONOMICS
942 _hX:81xN20w,1, 32M7.1-.2
_cTEXL
_2cc
999 _c956886
_d956886